Score 0/24 Timer 03:00
1 Play Today
Hint Answer % Correct
The Phantom of the _____Opera
96.7%
The _____ of MormonBook
96.1%
_____ on the RoofFiddler
95.2%
_____ and DollsGuys
94.7%
Les _____Misérables
93.8%
Rock of _____Ages
92.7%
The _____ KingLion
92.7%
Hello, _____!Dolly
91.8%
Pins and _____Needles
90.3%
Who's Afraid of _____ Woolf?Virginia
86.1%
Avenue _____Q
83.6%
A _____ LineChorus
83.4%
Hint Answer % Correct
Mary _____Poppins
82.9%
_____ BoysJersey
81.9%
Damn _____Yankees
78%
_____ BootsKinky
77.4%
Into the _____Woods
76.1%
Billy _____ the MusicalElliot
76%
Miss _____Saigon
69.1%
Tobacco _____Road
66.2%
Babes in _____Toyland
61.8%
_____ CowboyUrban
60.2%
In the _____Heights
36.4%
Abie's _____ RoseIrish
34%

Today's Daily Dose

Missing Word
3 Word TV Shows

Word Ladder
Olsen Twins

Quick Pick
TLC Shows

You're not logged in!

Compare scores with friends on all Sporcle quizzes.
OR
Log In

Sporcle TV

Today on Sporcle TV


Watch our educational content, quiz creation guides, and fun videos on Sporcle TV.

Show Comments

Extras

Top Quizzes Today


Score Distribution

Paid Content

Your Account Isn't Verified!

In order to create a playlist on Sporcle, you need to verify the email address you used during registration. Go to your Sporcle Settings to finish the process.

Report this User

Report this user for behavior that violates our Community Guidelines.

Details: